AH International Schools' Libraries

Badger Assembly Stories Sports and Sports Stars (Record no. 48982)

MARC details
000 -LEADER
fixed length control field 00395nam a22001217a 4500
008 - FIXED-LENGTH DATA ELEMENTS--GENERAL INFORMATION
fixed length control field 250630b |||||||| |||| 00| 0 eng d
020 ## - INTERNATIONAL STANDARD BOOK NUMBER
International Standard Book Number 9781846913921
100 ## - MAIN ENTRY--PERSONAL NAME
Personal name Jane A.C.West (Author), Gerald Haigh (Author)
9 (RLIN) 86362
245 ## - TITLE STATEMENT
Title Badger Assembly Stories Sports and Sports Stars
260 ## - PUBLICATION, DISTRIBUTION, ETC. (IMPRINT)
Place of publication, distribution, etc United Kingdom
Name of publisher, distributor, etc Bader Publishing
Date of publication, distribution, etc 2008
300 ## - PHYSICAL DESCRIPTION
Extent 157 p
Other physical details col. ill.
Dimensions 21 cm x 30 cm
942 ## - ADDED ENTRY ELEMENTS (KOHA)
Source of classification or shelving scheme
Holdings
Withdrawn status Lost status Source of classification or shelving scheme Damaged status Not for loan Collection code Home library Current library Date acquired Total Checkouts Full call number Barcode Date last seen Price effective from Koha item type
          Non-Fiction Asian Hope Siem Reap Asian Hope Siem Reap 06/30/2025   NFIC JAN 208241 06/30/2025 06/30/2025 Book

For any Logos Library related questions please contact Miss Art at swongnarasuk@asianhope.org.

For any Asian Hope Library related questions please contact Miss Raza at graza@asianhope.org.

Click here to explore our ebooks!

Powered by Koha